000 00520nam a2200205Ia 4500
001 54687
008 080101n ii |||gr||||Z||||||465
020 _a(10):81-7754-122-6
041 _a465
082 _a635.9772
100 _aDey,
_eS.C.,
245 0 _aBONSAI :
_bAn Art of Minature Plant Culture /
_cS.C.Dey .
_hTextual Documents
250 _aIst ed-2010.
260 _aJodhpur
_bAgrobios (India)
300 _a121p:
_c23cm.
500 _a832/G/Ref
653 _aBotany
653 _aRef-Bot
942 _2ddc
_cBK
999 _c54641
_d54641